00348 a2200121 450000100060000010000150000624500360002126000260005709000170008394200230010099900190012395200840014240022 aSingh B M a100 Easy to Make Punjabi Dishes abTarang Paper backc c25010d25010 aNUST-CAEcMc16682 c275095d275095 001040708NFICaCAEbCAEd2017-04-03l0pCAE61192r2017-04-05w2017-04-05yBK